Alice e o dragão (Record no. 119119)

MARC details
000 -LÍDER
campo de controle de tamanho fixo 01172 a2200265 4500
001 - NÚMERO DE CONTROLE
campo de controle 119119
020 ## - ISBN - INTERNATIONAL STANDARD BOOK NUMBER
Informação qualificadora (Broch.)
041 ## - CÓDIGO DE IDIOMA
Código do idioma do texto/trilha sonora ou título diferente por
082 ## - CDD - CLASSIFICAÇÃO DECIMAL DE DEWEY
Número de Classificação 028.5
040 ## - FONTE DA CATALOGAÇÃO
Instituição da catalogação original BR-BrIDEA
Instituição que transcreveu o registro BR-BrIDEA
090 ## - NÚMERO DE CHAMADA LOCAL
Número de chamada (OCLC) (R); Número de chamada, CALL (RLIN) (NR) A Year 1 028
Número Cutter local (OCLC); Número de classificação do livro, CALL (RLIN) NAD
100 ## - ENTRADA PRINCIPAL--NOME PESSOAL
Nome pessoal Naddeo, Roberto Keller
245 10 - TÍTULO
Título Alice e o dragão
Indicação de responsabilidade, etc. Roberto Keller Naddeo; ilustrações de Felippe Pinheiro
260 ## - PUBLICAÇÃO, DISTRIBUIÇÃO, ETC.
Local de publicação, distribuição, etc. São Paulo
Nome do editor, distribuidor, etc. EUnolivro
Data da publicação, distribuição, etc. 2016
300 ## - DESCRIÇÃO FÍSICA
Extensão 25 p.
Outros detalhes físicos il. color
520 ## - NOTA DE RESUMO, ETC
Resumo, etc. O reino está em perigo e somente um príncipe ou uma princesa pode salvá-lo. Adivinhe quem será o herói dessa história?<br/><br/>Envoltos nesse clima de fantasia de príncipes e dragões, amizade, autoconfiança e tolerância são tratados de forma leve e divertida.<br/><br/>Eu e o Dragão é indicado para crianças a partir de 4 anos, que começam a observar seu crescimento, orgulhar-se das pequenas vitórias quotidianas mas que ainda se sentem inseguras diante dos novos desafios que a vida lhes apresenta.
521 ## - NOTA DO PÚBLICO ALVO
Nota de público alvo Year 1
697 ## - ENTRADA DE ASSUNTO LOCAL--ENTIDADE COLETIVA (RLIN)
Nome corporativo ou nome da jurisdição Medo
697 ## - ENTRADA DE ASSUNTO LOCAL--ENTIDADE COLETIVA (RLIN)
Nome corporativo ou nome da jurisdição Rotina
697 ## - ENTRADA DE ASSUNTO LOCAL--ENTIDADE COLETIVA (RLIN)
Nome corporativo ou nome da jurisdição Superação
697 ## - ENTRADA DE ASSUNTO LOCAL--ENTIDADE COLETIVA (RLIN)
Nome corporativo ou nome da jurisdição Literatura infantil
700 ## - ENTRADA ADICIONADA - NOME PESSOAL
Nome pessoal Pinheiro, Felippe
Função do autor por extenso Ilustrador
856 ## - LOCALIZAÇÃO ELETRÔNICA E ACESSO
Uniform Resource Identifier <a href="000034/00003429.png">000034/00003429.png</a>
942 ## - ELEMENTOS DE ENTRADA ADICIONADOS (KOHA)
Tipo de material Koha Livros
Holdings
Situação do descarte Situação das perdas Fonte da classificação ou esquema de arquivamento na estante Situação física Não pode ser emprestado Biblioteca de origem Biblioteca atual Data de aquisição Total de empréstimos Número de chamada completo Código de barras Data de último acesso Data do preço efetivo Tipo de material Koha
    Classificação Decimal de Dewey     ECB - ÁGUAS CLARAS ECB - ÁGUAS CLARAS 09/03/2023   A Year 1 028 NAD 00060972AGC 23/01/2024 23/01/2024 Livros